Thi ca bình dân Việt Nam Tòa lâu đài văn hóa dân tộc T.4 Sinh hoạt thi ca
vv
Đã lưu trong:
| Tác giả chính: | |
|---|---|
| Định dạng: | Sách |
| Năm xuất bản: |
H.
Hội nhà văn
1998
|
| Chủ đề: | |
| Tags: |
Thêm thẻ
Không có thẻ, Hãy là người đầu tiên gắn thẻ bản ghi này!
|
| LEADER | 01056nam a2200241 4500 | ||
|---|---|---|---|
| 082 | |a 782.42162 |b NG527T | ||
| 100 | |a Nguyễn Tấn Long | ||
| 245 | |a Thi ca bình dân Việt Nam |c Nguyễn Tấn Long, Phan Canh |n T.4 |b Tòa lâu đài văn hóa dân tộc |p Sinh hoạt thi ca | ||
| 260 | |a H. |b Hội nhà văn |c 1998 | ||
| 300 | |a 699tr. |c 21cm | ||
| 520 | |a vv | ||
| 653 | |a Âm nhạc | ||
| 653 | |a Việt Nam | ||
| 653 | |a Dân ca | ||
| 653 | |a Điệu hò | ||
| 653 | |a Hát ví | ||
| 653 | |a Hát tuồng | ||
| 653 | |a Hát ru | ||
| 653 | |a Hát chèo | ||
| 942 | |2 ddc |c STK0 | ||
| 999 | |c 4439 |d 4439 | ||
| 952 | |0 0 |1 0 |2 ddc |4 0 |6 782_421620000000000_NG527T |7 0 |8 700 |9 43607 |a qbu |b qbu |c D5 |d 2014-12-19 |g 64000 |o 782.42162 NG527T |p 3816.C1 |r 0000-00-00 |w 2014-12-19 |y STK0 |0 0 |6 782_421620000000000_NG527T |0 0 |6 782_421620000000000_NG527T | ||
| 952 | |0 0 |1 0 |2 ddc |4 0 |6 782_421620000000000_NG527T |7 0 |8 700 |9 43608 |a qbu |b qbu |c D5 |d 2014-12-19 |g 64000 |l 1 |m 1 |o 782.42162 NG527T |p 3816.C2 |r 2015-04-09 |s 2015-03-26 |w 2014-12-19 |y STK0 |0 0 |6 782_421620000000000_NG527T |0 0 |6 782_421620000000000_NG527T | ||